000 01714nam a22002657a 4500
999 _c62348
_d62348
003 Ge_BSU
005 20241008154246.0
008 241008s2024 ge ||||| |||| 00| 0 geo d
020 _a9789941988851
041 _ageo
080 _a726:27.523.4(=353.1)(560) ბ-29
245 _aბასიანის ძეგლების 2023 წლის საკვლევი ექსპედიციის ანგარიში /
_cავტორები : თეიმურაზ ხუციშვილი, ნოდარ არონიშიძე, დავით გაჩეჩილაძე, ბებურ გოზალიშვილი და სხვ.
264 _aთბილისი :
_bკავკასიის უნივერსიტეტის გამომცემლობა,
_c2024.
300 _a68 გვ. :
_bფოტ. ;
_c29 სმ.
653 _aარქეოლოგიური გათხრები
653 _aთურქეთი
653 _aქართული ეკლესიები თურქეთში
700 _a ხუციშვილი,თეიმურაზ
_eავტორი
_923348
700 _aარონიშიძე, ნოდარ
_eავტორი
_923346
700 _aგაჩეჩილაძე, დავით
_eავტორი
_917917
700 _aგოზალიშვილი, ბებურ და სხვ.
_eავტორი
_923347
773 _tნაჩუქარი
856 _uhttps://dspace.nplg.gov.ge/bitstream/1234/491930/1/BasianisDzeglebis2023WlisSakvleviEqspediciisAngarishi.pdf
_yელ. ვერსია
942 _2udc
_cᲬᲘᲒᲜᲘ